000 00674nam a2200265Ia 4500
001 30894
005 20240114001506.0
007 ta
008 060728s1895 g b000 u 491 u
020 _cHB
040 _aCotton College,Assam
041 _a491
082 _a294.1721
_bP 97 B
100 _aApte, Harinarayan .
245 0 _aBrahmapuranam /
_cHarinarayan Apte.
_hTextual Documents
250 _a1st ed. /
260 _aSl :
_bAnandasram Mudranalay ,
_c1895.
300 _a519p. ;
_c24cm.
653 _aReligious Literature
653 _aPurana-Brahma
653 _aG-Religion
942 _2ddc
_cBK
999 _c30876
_d30876